| 000 | 00999nas a2200301 4500 | ||
|---|---|---|---|
| 001 | BR9211866 | ||
| 003 | BR-BrBNA | ||
| 005 | 20231205093534.0 | ||
| 007 | ta | ||
| 008 | 230509b bl.|||p| |||| 00| 00por d | ||
| 040 |
_aBR-BrBNA _bpor _cBiblioteca Nacional de Agricultura |
||
| 041 | _a(Pt) | ||
| 072 | _aF04 | ||
| 100 | 1 | _aMelgar, R.J. | |
| 100 | 1 | _aSmyth, T.J. | |
| 100 | 1 | _aCravo, M.S. | |
| 100 | 1 | _aSanchez, P.A. | |
| 245 | 1 | _aDoses e epocas de aplicacao de fertilizante nitrogenado para milho em latossolo da Amazonia central | |
| 246 | 1 | _aFertilizer nitrogen rates, timing and distribution for corn grown on an oxisol in the central Amazon, Brazil | |
| 650 | _aMILHO | ||
| 650 | _aFERTILIZANTE NITROGENADO | ||
| 650 | _aABSORCAO | ||
| 650 | _aLATOSSOLO | ||
| 650 | _aAMAZONIA | ||
| 773 | 0 |
_tRevista Brasileira de Ciencia do Solo (Brazil) _xISSN 0100-0683 _g(Sep-Dec 1991), v. 15(3) p. 289-296 _wBR9211866 |
|
| 909 |
_a202311 _bLúcia _c55 _dLúcia Elande |
||
| 942 |
_2AGRIS _n0 _cANA |
||
| 999 |
_c139063 _d139063 |
||